| 000 | 00357 a2200133 4500 | ||
|---|---|---|---|
| 020 | _a8189265038 | ||
| 024 | _a9788189265038 | ||
| 082 | _a658.4013 RAM | ||
| 090 |
_c5429 _d5429 |
||
| 100 | _aRampersad, Hubert K. El-Homsi, Anwer | ||
| 245 |
_aTPS-Lean Six Sigma _bLinking HUman Capital to Lean Six Sigma |
||
| 300 | _a373 | ||
| 942 |
_aNBS _cBK _k658.4013 RAM |
||
| 999 |
_c347837 _d347837 |
||